|
|
|
|
| LEADER |
00805nam a22002297a 4500 |
| 001 |
13030 |
| 003 |
BD-DhAAL |
| 005 |
20190106103218.0 |
| 008 |
141202s2005 bg ||||| |||| 00| 0 eng d |
| 999 |
|
|
|c 33177
|d 33177
|
| 020 |
|
|
|a 9848344088
|
| 040 |
|
|
|a BD-DhAAL
|c BD-DhAAL
|
| 082 |
|
|
|2 22
|a 305.694505492
|
| 100 |
|
|
|a Hena, Abu
|9 6404
|
| 245 |
|
|
|a Not without purpose /
|c Abu Hena
|
| 260 |
|
|
|a Dhaka :
|b Dizzy Publications,
|c 2005
|
| 300 |
|
|
|a 252 pages ;
|c 22 cm.
|
| 541 |
|
|
|e 3010013030
|
| 650 |
|
|
|a Bangladesh Ethnic relations.
|9 6405
|
| 852 |
|
|
|a Ayesha Abed Library
|b General Stacks
|
| 942 |
|
|
|2 ddc
|c BK
|
| 952 |
|
|
|0 0
|1 0
|2 ddc
|4 0
|6 305_694505492000000_HEN
|7 0
|9 44289
|a BRACUL
|b BRACUL
|c GEN
|d 2014-12-02
|l 2
|m 29
|o 305.694505492 HEN
|p 3010013030
|r 2025-03-10
|s 2025-03-05
|t 1
|w 2014-12-02
|y BK
|x Price not available in Register
|